RIVISTA GIOVANI. GENNAIO DICEMBRE 1930. CULTURA E VITA CRISTIANA. (Record n. 329494)
[ formato base ]
| 000 -LEADER | |
|---|---|
| fixed length control field | 01746nas a2200277Ia 4500 |
| 001 - CONTROL NUMBER | |
| control field | R050-S0902 |
| 003 - CONTROL NUMBER IDENTIFIER | |
| control field | IT-CnALBA |
| 008 - FIXED-LENGTH DATA ELEMENTS--GENERAL INFORMATION | |
| fixed length control field | 170116c99999999xx |||||||||||| ||und|| |
| 040 ## - CATALOGING SOURCE | |
| Original cataloging agency | IT-CnALBA |
| Transcribing agency | IT-CnALBA |
| 041 ## - LANGUAGE CODE | |
| Language code of text/sound track or separate title | ITALIANO |
| 999 ## - SYSTEM CONTROL NUMBERS (KOHA) | |
| Koha Dewey Subclass [OBSOLETE] | SI |
| 100 ## - MAIN ENTRY--PERSONAL NAME | |
| Personal name | COLOMBO SISTO, SACERDOTE |
| 210 ## - ABBREVIATED TITLE | |
| Abbreviated title | RIVISTA GIOVANI |
| 222 ## - KEY TITLE | |
| Key title | RIVISTA GIOVANI |
| 245 #0 - TITLE STATEMENT | |
| Title | RIVISTA GIOVANI. GENNAIO DICEMBRE 1930. CULTURA E VITA CRISTIANA. |
| 250 ## - EDITION STATEMENT | |
| Edition statement | 1a ed. |
| 260 ## - PUBLICATION, DISTRIBUTION, ETC. (IMPRINT) | |
| Place of publication, distribution, etc. | TO BO CT PA |
| Name of publisher, distributor, etc. | SOCIETÀ ED. INTER. |
| Date of publication, distribution, etc. | 1930 [1° Ed.:1930 - Ed.Ling.Originale: 1930] |
| 300 ## - PHYSICAL DESCRIPTION | |
| Extent | 768 p. |
| 310 ## - CURRENT PUBLICATION FREQUENCY | |
| Current publication frequency | MENSILE |
| 362 ## - DATES OF PUBLICATION AND/OR SEQUENTIAL DESIGNATION | |
| Dates of publication and/or sequential designation | Fascicolo: 1-12 / Anno: 11 (1930) |
| 500 ## - GENERAL NOTE | |
| General note | INDICE MATERIE. AUTORI. SANT'AGOSTINO. LA CITTÀ DI DIO DI SANT'AGOSTINO. LA PATRIA. GERARCHIA ECCLESIASTICA, ORIGINI. DEGNA VERSIONE DI UN''OPERA IMMORTALE. FASTI IMPERIALI. PREGHIERA CRISTIANA, ORIGINI. IL CROCIATO DELLA GIOIA CRISTIANA. D'AMICO S. ALTRUISMO O CARITÀ? DIPIOVA G. L'UNIVERSITALITA' DEL CRISTIANESIMO. INNANZITUTTO. SOPRATTUTTO. FAVERO P. SU DUE PRETESE FORTUNE DI PIER GIORGIO. FODDAI P. LA MORTE CRISTIANA DI GUIDO GOZZANO. |
| 501 ## - WITH NOTE | |
| With note | Società San Paolo EM - Piazza San Paolo, 14 - 12051 ALBA (CN) (non commercial uses only) ® Copyright 2017 |
| 520 ## - SUMMARY, ETC. | |
| Summary, etc. | INDICE MATERIE. AUTORI. SANT'AGOSTINO. LA CITTÀ DI DIO DI SANT'AGOSTINO. LA PATRIA. GERARCHIA ECCLESIASTICA, ORIGINI. DEGNA VERSIONE DI UN''OPERA IMMORTALE. FASTI IMPERIALI. PREGHIERA CRISTIANA, ORIGINI. IL CROCIATO DELLA GIOIA CRISTIANA. D'AMICO S. ALTRUISMO O CARITÀ? DIPIOVA G. L'UNIVERSITALITA' DEL CRISTIANESIMO. INNANZITUTTO. SOPRATTUTTO. FAVERO P. SU DUE PRETESE FORTUNE DI PIER GIORGIO. FODDAI P. LA MORTE CRISTIANA DI GUIDO GOZZANO. |
| 650 ## - SUBJECT ADDED ENTRY--TOPICAL TERM | |
| Topical term or geographic name as entry element | CULTURA VITA CRISTIANA |
| 942 ## - ADDED ENTRY ELEMENTS (KOHA) | |
| Koha item type | RIVISTA |
| 957 ## - | |
| -- | 1 |
| 999 ## - SYSTEM CONTROL NUMBERS (KOHA) | |
| -- | 1 |
| Withdrawn status | Lost status | Damaged status | Not for loan | Home library | Current library | Date acquired | Total Checkouts | Full call number | Date last seen | Price effective from | Koha item type | Public note |
|---|---|---|---|---|---|---|---|---|---|---|---|---|
| Buone Condizioni | Not For Loan | ALBA - Biblioteca | ALBA - Biblioteca | 16/01/2017 | R050-S0902 | 16/01/2017 | 16/01/2017 | RIVISTA | (data import: 16 gennaio 2017) - By Epidotti, Vaglietti. |